Retailers and planning gain: the rights and wrongs and what is to be done about them (Record no. 74075)

MARC details
000 -LEADER
fixed length control field 01826cab a2200277 4500
001 - CONTROL NUMBER
control field ABS67445
008 - FIXED-LENGTH DATA ELEMENTS--GENERAL INFORMATION
fixed length control field 040126n2003 000 0 eng u
035 ## - SYSTEM CONTROL NUMBER
System control number (Sirsi) u124908
100 ## - MAIN ENTRY--PERSONAL NAME
Personal name Crow, Stephen
245 ## - TITLE STATEMENT
Title Retailers and planning gain: the rights and wrongs and what is to be done about them
260 ## - PUBLICATION, DISTRIBUTION, ETC.
Date of publication, distribution, etc. 2003
490 ## - SERIES STATEMENT
Series statement Journal of Retail and Leisure Property
Volume/sequential designation 3(3) December 2003, 261-274(14)
520 ## - SUMMARY, ETC.
Summary, etc. Considers the unsatisfactory status and effect of planning gain in respect of retail development. Outlines the evolution of two opposing views of planning gain - the unfettered taxation or get what you can camp and the logical nexus camp. Suggests that a lack of legal direction is the reason why practitioners are so little in agreement on this matter and reviews this area of planning law. Examines policy developments in respect of planning gain since 1981, culminating in the DTLR consultation "Reforming planning obligations: delivering a fundamental change" of December 2001, which was received unfavourably and whose proposals were acclaimed as a tax on development value. Looks at the possible need for changes in the law and summarises what options are open to a retail developer faced with exorbitant demands for planning gain. References.
590 ## - LOCAL NOTE (RLIN)
Local note ABS
650 ## - SUBJECT ADDED ENTRY--TOPICAL TERM
Topical term or geographic name entry element ABUSE OF PROCESS
650 ## - SUBJECT ADDED ENTRY--TOPICAL TERM
Topical term or geographic name entry element SAFEWAY PROPERTIES V SOS ENVIRONMENT
650 ## - SUBJECT ADDED ENTRY--TOPICAL TERM
Topical term or geographic name entry element TESCO STORES LTD V SOS ENVIRONMENT & ANOR
650 ## - SUBJECT ADDED ENTRY--TOPICAL TERM
Topical term or geographic name entry element R V PLYMOUTH CITY COUNCIL EX P PLYMOUTH AND SOUTH DEVON CO-OPERATIVE SOCIETY LTD
650 ## - SUBJECT ADDED ENTRY--TOPICAL TERM
Topical term or geographic name entry element R V SOUTH HOLLAND DC EX P LINCOLN CO-OPERATIVE SOCIETY LTD
650 ## - SUBJECT ADDED ENTRY--TOPICAL TERM
Topical term or geographic name entry element TOWN AND COUNTRY PLANNING ACT 1990 S106
650 ## - SUBJECT ADDED ENTRY--TOPICAL TERM
Topical term or geographic name entry element RETAIL DEVELOPMENT
650 ## - SUBJECT ADDED ENTRY--TOPICAL TERM
Topical term or geographic name entry element PLANNING OBLIGATIONS
650 ## - SUBJECT ADDED ENTRY--TOPICAL TERM
Topical term or geographic name entry element PLANNING GAIN
690 ## - LOCAL SUBJECT ADDED ENTRY--TOPICAL TERM (OCLC, RLIN)
Topical term or geographic name as entry element Planning and development
9 (RLIN) 6259
942 ## - ADDED ENTRY ELEMENTS (KOHA)
Suppress in OPAC 0
Holdings
Withdrawn status Lost status Source of classification or shelving scheme Damaged status Not for loan Home library Current library Shelving location Date acquired Total Checkouts Full call number Barcode Date last seen Copy number Price effective from Koha item type
    Dewey Decimal Classification     London London Journal article 26/01/2004   ABS67445 124908-1001 06/08/2019 1 06/08/2019 Journal article